<?xml version='1.0' encoding='UTF-8'?>
  <record xmlns="http://www.loc.gov/MARC21/slim">
    <leader>00000ctm a22000007i 4500</leader>
    <controlfield tag="001">ocn965407200</controlfield>
    <controlfield tag="003">OCoLC</controlfield>
    <controlfield tag="005">20250409002438.6</controlfield>
    <controlfield tag="008">100810q13001400xx            000 0 lat d</controlfield>
    <datafield tag="040" ind1=" " ind2=" ">
      <subfield code="a">QGJ</subfield>
      <subfield code="b">dut</subfield>
      <subfield code="c">QGJ</subfield>
      <subfield code="d">OCLCL</subfield>
      <subfield code="d">OCLCQ</subfield>
    </datafield>
    <datafield tag="035" ind1=" " ind2=" ">
      <subfield code="a">(OCoLC)965407200</subfield>
    </datafield>
    <datafield tag="100" ind1="0" ind2=" ">
      <subfield code="a">Gregorius</subfield>
      <subfield code="b">IX.</subfield>
    </datafield>
    <datafield tag="245" ind1="1" ind2="0">
      <subfield code="a">Decretales (fragment).</subfield>
      <subfield code="b">Glossa ordinaria ad Decretales (fragment) /</subfield>
      <subfield code="c">Bernardus Parmensis. Epistola Gregorii X Cum nuper ... (fragment). Constitutiones novissimae 2, 1 (fragment) ; Gregorius X. Glossa ad Constitutiones novissimas 2, 1 (fragment) ; Johannes Garsias Hispanus</subfield>
      <subfield code="h">Maculatuur.</subfield>
      <subfield code="f">UBU Hs. fr. 7.35.</subfield>
    </datafield>
    <datafield tag="246" ind1="1" ind2=" ">
      <subfield code="a">Glossa ordinaria ad Decretales (fragment)</subfield>
    </datafield>
    <datafield tag="246" ind1="1" ind2=" ">
      <subfield code="a">Epistola Gregorii X Cum nuper ... (fragment)</subfield>
    </datafield>
    <datafield tag="246" ind1="1" ind2=" ">
      <subfield code="a">Constitutiones novissimae 2, 1 (fragment)</subfield>
    </datafield>
    <datafield tag="246" ind1="1" ind2=" ">
      <subfield code="a">Glossa ad Constitutiones novissimas 2, 1 (fragment)</subfield>
    </datafield>
    <datafield tag="260" ind1=" " ind2=" ">
      <subfield code="c">[ca. 1300-ca. 1400]</subfield>
    </datafield>
    <datafield tag="300" ind1=" " ind2=" ">
      <subfield code="a">2 fol. :</subfield>
      <subfield code="b">ill. ;</subfield>
      <subfield code="c">375 x 255 (365 x 255) mm.</subfield>
    </datafield>
    <datafield tag="336" ind1=" " ind2=" ">
      <subfield code="a">text</subfield>
      <subfield code="b">txt</subfield>
      <subfield code="2">rdacontent</subfield>
    </datafield>
    <datafield tag="337" ind1=" " ind2=" ">
      <subfield code="a">unmediated</subfield>
      <subfield code="b">n</subfield>
      <subfield code="2">rdamedia</subfield>
    </datafield>
    <datafield tag="338" ind1=" " ind2=" ">
      <subfield code="a">volume</subfield>
      <subfield code="b">nc</subfield>
      <subfield code="2">rdacarrier</subfield>
    </datafield>
    <datafield tag="340" ind1=" " ind2=" ">
      <subfield code="a">perkament</subfield>
      <subfield code="k">littera textualis, littera semitextualis.</subfield>
    </datafield>
    <datafield tag="500" ind1=" " ind2=" ">
      <subfield code="a">Fol. 1r-1v bevat o.m.: Gregorii IX Decretales X.1.1.2 par. 1 (init.: una cum Petro quod una quedam res est ..., finis: ... censenda sit quam insana) met Bernardi Parmensis Glossa ordinaria ad Decretales X.1.1. 1.- X.1.1.2 (init.: Coniugati. nota quod tres sunt ordines in ecclesia Dei ..., finis: ... Corrigenda: ... xxiiii. q. 1. hec est fides et 1. 3. dixit apostolus. Fol. 1v bevat o.m.: Epistula Gregorii X Cum nuper ... (inc.: Gregorius episcopus servus servorum Dei ..., finis: ... ita in suis titulis inseri facientes). Gregorii X Constitutiones novissimae 2, 1 (init.: Fideli ac devota ..., finis: atque doctorum latinorum pariter et grecorum incommu...) met Glossa ad Constitutiones novissimas 2, 1 / Johannes Garsias Hispanus (fol. 1r inc.: In nomine Domini amen. Quoniam natura rerum introductum est ..., fol. 1v finis: ... quoniam vero animarum materia est et magistra secundum utrumque ...). Fol. 2r-2v bevat: Gregorii IX Decretales X.1.3.19-22, circa finem (init.: vacaturam et ipsi mandatum eius admittere non curassent ..., finis: ... cum in eis illius) met Bernardi Parmenis Glossa ordinaria ad Decretales X.1.3.17 ad v. de prebenda i. m.-X.1.3.21 ad v. debeant circa finem (init.: excusationes patienter admittit ..., finis: ... sicut nec sufficit subsequens auctoritas tutoris. ff.).</subfield>
    </datafield>
    <datafield tag="500" ind1=" " ind2=" ">
      <subfield code="a">Fol. 1r-1v: hoofdtekst 2 kol., 32 regels.</subfield>
    </datafield>
    <datafield tag="500" ind1=" " ind2=" ">
      <subfield code="a">Fol. 2r-2v: hoofdtekst 2 kol., 30 regels.</subfield>
    </datafield>
    <datafield tag="500" ind1=" " ind2=" ">
      <subfield code="a">Aanvullende (en corrigerende) informatie voor fol. 1v van Dr. Martin Bertram, Deutsches Historisches Institut Rom: Fol. 1v bevat (incompleet) de eerste van de constitutiones van het tweede concilie van Lyon, de zgn. Constitutiones novissimae (inc. Fideli ac devota ..., finis: pariter et grecorum incommu...), voorafgegaan door de pauselijke zendbrief Cum nuper ... van Gregorius X aan de Universiteit van Parijs (inc. Gregorius episcopus servus servorum Dei dilectis filiis universitati magistrorum et scolarium ..., finis: Gregorius X in concilio Lugdunensi). Hierbij de Glossa ordinaria ad Constitutiones novissimae van Johannes Garsias Hispanus (fol. 1r inc.: In nomine Domini amen. Quoniam natura rerum introductum est ..., fol. 1v finis: ... quoniam vero animarum materia est et magistra secundum utrumque ...). Later zijn deze teksten in het Liber Sextus van Bonifatius VIII opgenomen. Uniek aan dit fragment is dat de Constitutiones novissimae die normaliter aan het einde van het Liber Extra of apart werden gekopieerd, volgen op de na X 1.1.2 abrupt afgebroken tekst van het Liber Extra. Dit moet door dezelfde kopiist zijn gebeurd, die wellicht de door hem te kopiëren teksten van het Liber Extra en de Constitutiones novissimae door elkaar heeft gehaald. Dr. Bertram dateert deze tekst eind 13de eeuw.</subfield>
    </datafield>
    <datafield tag="500" ind1=" " ind2=" ">
      <subfield code="a">Voor een gedrukte uitg. van de pauselijke zendbrief Cum nuper ... zie: Chartularium Universitatis Parisiensis / ... ex diversis bibliothecis tabulariisque collegit Henricus Denifle auxiliante Aemilio Chatelain I, nr. 449. Parisiis 1889.</subfield>
    </datafield>
    <datafield tag="500" ind1=" " ind2=" ">
      <subfield code="a">Voor een volledige uitg. van Fideli ac devota ... zie: Consiliorum oecumenicorum decreta / curantibus Josepho Alberigo ... [et al.] p. 314 e.v. Bologna 1973.</subfield>
    </datafield>
    <datafield tag="524" ind1=" " ind2=" ">
      <subfield code="a">Te citeren als: Universiteitsbibliotheek Utrecht Hs. fr. 7.35.</subfield>
    </datafield>
    <datafield tag="500" ind1=" " ind2=" ">
      <subfield code="a">Illustrations: Gedecoreerde initiaal, rode initialen met blauw penwerk, blauwe initialen met rood penwerk.</subfield>
    </datafield>
    <datafield tag="581" ind1=" " ind2=" ">
      <subfield code="a">A.J. de Groot &amp; E.C.C. Coppens, Manuscripta canonistica Latina. Elenchus codicum necnon diplomatum iuris canonici ante a. 1600 in bibliothecis ac archivis neerlandicis. Nijmegen 1989. (= Rechtshistorische reeks van het Gerard Noodt Instituut 14). p. 415 nr. *1497.</subfield>
    </datafield>
    <datafield tag="655" ind1=" " ind2="7">
      <subfield code="a">Handschriften (vorm)</subfield>
      <subfield code="0">(NL-LeOCL)088143309.</subfield>
      <subfield code="2">gtt</subfield>
    </datafield>
    <datafield tag="700" ind1="0" ind2=" ">
      <subfield code="a">Bernardus,</subfield>
      <subfield code="c">de Botono Parmensis,</subfield>
      <subfield code="d">-1263.</subfield>
      <subfield code="1">https://id.oclc.org/worldcat/entity/E39PCjJBBBC6qH4Pt4VTq9dtgC</subfield>
    </datafield>
    <datafield tag="700" ind1="0" ind2=" ">
      <subfield code="a">Gregorius</subfield>
      <subfield code="b">X,</subfield>
      <subfield code="d">1210-1276.</subfield>
    </datafield>
    <datafield tag="700" ind1="1" ind2=" ">
      <subfield code="a">Garsias Hispanus, Johannes,</subfield>
      <subfield code="d">fl. 1270-1280.</subfield>
    </datafield>
    <datafield tag="758" ind1=" " ind2=" ">
      <subfield code="a">UBU Hs. fr. 7.35 Decretales (fragment) (Text)</subfield>
      <subfield code="1">https://id.oclc.org/worldcat/entity/E39PCG4dBWQwbQ8cRGQqW37rFX</subfield>
      <subfield code="4">https://id.oclc.org/worldcat/ontology/hasWork</subfield>
    </datafield>
    <datafield tag="856" ind1="4" ind2="1">
      <subfield code="u">http://objects.library.uu.nl/reader/resolver.php?obj=002319350&amp;type=2</subfield>
      <subfield code="x">Online</subfield>
      <subfield code="z">Full text</subfield>
    </datafield>
    <datafield tag="936" ind1=" " ind2=" ">
      <subfield code="a">BATCHLOAD</subfield>
    </datafield>
  </record>